[Event "GRE-chT 44th"]
[Site "Achaia"]
[Date "2016.07.10"]
[Round "7.16"]
[White "Litsas, Panagiotis"]
[Black "Salakas, Fotios"]
[Result "1-0"]
[WhiteElo "1769"]
[BlackElo "1683"]
[PlyCount "77"]
[EventDate "2016.07.05"]
[EventType "team-swiss"]
[EventRounds "7"]
[EventCountry "GRE"]
[SourceTitle "CBM 173 Extra"]
[Source "ChessBase"]
[SourceDate "2016.08.29"]
[SourceVersion "1"]
[SourceVersionDate "2016.08.29"]
[SourceQuality "1"]
[WhiteTeam "Elefsinas STM"]
[BlackTeam "Filiatron CN"]
[WhiteTeamCountry "GRE"]
[BlackTeamCountry "GRE"]

1. e4 c5 2. Nc3 Nc6 3. g3 g6 4. Bg2 Bg7 5. Nge2 d6 6. d3 e6 7. Be3 Nge7 8. Qd2 Nd4 9. 0-0 0-0 10. Nc1 Rb8 11. Nd1 Re8 12. c3 Ndc6 13. d4 cxd4 14. cxd4 d5 15. e5 Nf5 16. Nb3 Nxe3 17. fxe3 b6 18. Nc3 Bb7 19. e4 Ne7 20. Rae1 Qd7 21. Rf2 a5 22. Bf1 a4 23. Na1 Bc6 24. Nc2 dxe4 25. Nxe4 Bxe4 26. Rxe4 Rbd8 27. g4 Nc6 28. Bb5 Qd5 29. Bxc6 Qxc6 30. Qf4 Re7 31. g5 Rc8 32. Re3 Qb7 33. Rh3 h5 34. gxh6 Bh8 35. Rg3 Kh7 36. h4 Rec7 37. Rgg2 Rd8 38. Qg5 Rdd7 39. Rxf7+ 1-0

[Event "GRE-chT 44th"]
[Site "Achaia"]
[Date "2016.07.08"]
[Round "5.17"]
[White "Loukopoulos, Panagiotis Athanasi"]
[Black "Litsas, Panagiotis"]
[Result "1/2-1/2"]
[WhiteElo "1749"]
[BlackElo "1769"]
[PlyCount "60"]
[EventDate "2016.07.05"]
[EventType "team-swiss"]
[EventRounds "7"]
[EventCountry "GRE"]
[SourceTitle "CBM 173 Extra"]
[Source "ChessBase"]
[SourceDate "2016.08.29"]
[SourceVersion "1"]
[SourceVersionDate "2016.08.29"]
[SourceQuality "1"]
[WhiteTeam "Evia HS"]
[BlackTeam "Elefsinas STM"]
[WhiteTeamCountry "GRE"]
[BlackTeamCountry "GRE"]

1. e4 e6 2. d4 d5 3. e5 c5 4. c3 Qb6 5. Nf3 Nc6 6. Na3 cxd4 7. cxd4 Nge7 8. Bd3 Nb4 9. Be2 Bd7 10. 0-0 Rc8 11. Bg5 Nf5 12. Qd2 Nc6 13. Nc2 h6 14. Bf4 Be7 15. b3 Nb4 16. Na3 Nc6 17. Nc2 Nb4 18. Na3 Nc6 19. Nb5 Nb4 20. Nc3 Nc6 21. Rfd1 Bb4 22. Na4 Qa5 23. Qd3 Nb8 24. Rac1 Ne7 25. Rxc8+ Nxc8 26. Rc1 Na6 27. Qe3 Bc6 28. g4 Ne7 29. g5 h5 30. Bd3 g6 1/2-1/2

[Event "GRE-chT 43rd"]
[Site "Porto Rio"]
[Date "2015.10.12"]
[Round "7.10"]
[White "Litsas, Panagiotis"]
[Black "Tsekmes, Dimitrios"]
[Result "0-1"]
[WhiteElo "1757"]
[BlackElo "2086"]
[PlyCount "40"]
[EventDate "2015.10.08"]
[EventType "team-swiss"]
[EventRounds "7"]
[EventCountry "GRE"]
[SourceTitle "CBM 168 Extra"]
[Source "ChessBase"]
[SourceDate "2015.10.29"]
[SourceVersion "1"]
[SourceVersionDate "2015.10.29"]
[SourceQuality "1"]
[WhiteTeam "Elefsinas STM"]
[BlackTeam "Alexandroupolis Ethnikos"]
[WhiteTeamCountry "GRE"]
[BlackTeamCountry "GRE"]

1. e4 e5 2. Nf3 Nc6 3. Bc4 Nf6 4. d3 Bc5 5. c3 0-0 6. Bb3 d6 7. Nbd2 Be6 8. Bc2 Ng4 9. 0-0 Bxf2+ 10. Rxf2 Ne3 11. Qe2 Nxc2 12. Nf1 Nxa1 13. Ng5 h6 14. Nh3 f5 15. exf5 Rxf5 16. Nf4 Qf6 17. Ng3 exf4 18. Nxf5 Qxf5 19. Rxf4 Qg6 20. Be3 Re8 0-1

[Event "GRE-chT 43rd"]
[Site "Porto Rio"]
[Date "2015.10.09"]
[Round "3.8"]
[White "Serpetsidakis, Nikolaos"]
[Black "Litsas, Panagiotis"]
[Result "1-0"]
[WhiteElo "1854"]
[BlackElo "1757"]
[PlyCount "51"]
[EventDate "2015.10.08"]
[EventType "team-swiss"]
[EventRounds "7"]
[EventCountry "GRE"]
[SourceTitle "CBM 168 Extra"]
[Source "ChessBase"]
[SourceDate "2015.10.29"]
[SourceVersion "1"]
[SourceVersionDate "2015.10.29"]
[SourceQuality "1"]
[WhiteTeam "OFI"]
[BlackTeam "Elefsinas STM"]
[WhiteTeamCountry "GRE"]
[BlackTeamCountry "GRE"]

1. d4 Nf6 2. c4 c5 3. d5 e6 4. Nc3 exd5 5. cxd5 d6 6. e4 a6 7. a4 g6 8. Nf3 Bg4 9. Bg5 Bg7 10. Be2 Bxf3 11. Bxf3 0-0 12. 0-0 Re8 13. Qc2 Nbd7 14. Be2 Qc7 15. Kh1 Rac8 16. f4 c4 17. Rad1 Nc5 18. e5 dxe5 19. d6 Qd7 20. fxe5 Ng4 21. Nd5 Nxe5 22. Ne7+ Kh8 23. Nxc8 Rxc8 24. Bxc4 Qg4 25. Bf4 Ncd3 26. d7 1-0

[Event "Attica-ch U16"]
[Site "Peristeri"]
[Date "2012.04.17"]
[Round "1"]
[White "Anatolitis, Evangelos"]
[Black "Litsas, Panagiotis"]
[Result "0-1"]
[WhiteElo "1449"]
[BlackElo "1781"]
[PlyCount "108"]
[EventDate "2012.04.17"]
[EventType "swiss"]
[EventRounds "7"]
[EventCountry "GRE"]
[SourceTitle "EXT 2024"]
[Source "ChessBase"]
[SourceDate "2023.10.10"]
[SourceVersion "1"]
[SourceVersionDate "2023.10.10"]
[SourceQuality "1"]

1. e4 e6 2. d4 d5 3. Nc3 Nf6 4. e5 Nfd7 5. Nf3 c5 6. Bb5 a6 7. Bxd7+ Nxd7 8. 0-0 Be7 9. Ne2 b5 10. c3 0-0 11. Ng3 Bb7 12. Re1 Rc8 13. Bf4 b4 14. a3 bxc3 15. bxc3 cxd4 16. cxd4 Rc3 17. Bd2 Rc4 18. Qb3 Bc6 19. a4 Qc7 20. Qd1 Nb6 21. Ba5 Bb4 22. Bxb4 Rxb4 23. a5 Nc4 24. Qd3 h6 25. Ra2 Rfb8 26. Rc1 Rb3 27. Qc2 Rb2 28. Rxb2 Rxb2 29. Qc3 Qxa5 30. Qxa5 Nxa5 31. Ra1 Bb5 32. h4 Nb3 33. Ra3 a5 34. Nh5 a4 35. g4 Na5 36. Nf4 Nc4 37. Ra1 Rb3 38. Ne1 Nd2 39. Nfg2 Rb1 40. Rxb1 Nxb1 41. Nc2 a3 42. Nge1 a2 43. Na1 Nd2 44. f4 Bc4 45. Kf2 Nb3 46. Nec2 f6 47. Ke3 fxe5 48. fxe5 Kf7 49. Kf4 Nc1 50. h5 Bb3 51. Nb4 Bd1 52. Ke3 Bxg4 53. Kd2 Ne2 54. Nxa2 Nxd4 0-1

[Event "Attica-ch U16 11"]
[Site "Athens"]
[Date "2010.12.27"]
[Round "4.5"]
[White "Litsas, Panagiotis"]
[Black "Stamos, Filippos"]
[Result "0-1"]
[WhiteElo "1663"]
[BlackElo "1859"]
[PlyCount "116"]
[EventDate "2010.12.23"]
[EventType "swiss"]
[EventRounds "7"]
[EventCountry "GRE"]
[SourceTitle "EXT 2024"]
[Source "ChessBase"]
[SourceDate "2023.10.10"]
[SourceVersion "1"]
[SourceVersionDate "2023.10.10"]
[SourceQuality "1"]

1. e4 g6 2. Nf3 Bg7 3. d4 d6 4. c4 Nf6 5. Nc3 0-0 6. Be2 e5 7. dxe5 dxe5 8. Bg5 Nbd7 9. h3 c6 10. 0-0 Qc7 11. Qc2 a5 12. a3 Nc5 13. b4 axb4 14. axb4 Rxa1 15. Rxa1 Ne6 16. Be3 Nh5 17. Rd1 Nhf4 18. Bf1 Qe7 19. c5 Qf6 20. Ne1 Qh4 21. Ne2 Nxe2+ 22. Bxe2 Ng5 23. Bf3 f5 24. Bxg5 Qxg5 25. Qb3+ Kh8 26. Kf1 Qe7 27. Qe3 Be6 28. Nc2 Rd8 29. Rxd8+ Qxd8 30. Ke1 Kg8 31. Qc3 Kf7 32. Qe3 Kf6 33. Qc3 Bh6 34. Ke2 Qd7 35. Ke1 Bf7 36. Ke2 Qe6 37. Qb2 Qc4+ 38. Ke1 fxe4 39. Be2 Qd5 40. Qc3 Be6 41. f3 exf3 42. Qxf3+ Qxf3 43. Bxf3 Bc1 44. b5 Bd5 45. bxc6 bxc6 46. Kf2 e4 47. Bg4 Ke5 48. Bd7 Bb3 49. Nb4 e3+ 50. Kf3 Bd1+ 51. Kg3 Kd4 52. Bg4 Ba4 53. Bf3 Kc3 54. Na2+ Kd2 55. Nxc1 Kxc1 56. Be2 Kd2 57. Kf3 Bb3 58. Ba6 Bd5+ 0-1

[Event "GRE-ch U14"]
[Site "Kallithea"]
[Date "2010.06.30"]
[Round "7"]
[White "Liodakis, Konstantinos Spyros"]
[Black "Litsas, Panagiotis"]
[Result "1-0"]
[WhiteElo "1910"]
[BlackElo "1627"]
[PlyCount "41"]
[EventDate "2010.06.26"]
[EventType "swiss"]
[EventRounds "9"]
[EventCountry "GRE"]
[SourceTitle "EXT 2011"]
[Source "ChessBase"]
[SourceDate "2010.11.26"]
[SourceVersion "1"]
[SourceVersionDate "2010.11.26"]
[SourceQuality "1"]

1. c4 e5 2. Nc3 Nf6 3. g3 d5 4. cxd5 Nxd5 5. Bg2 Be6 6. Nf3 Nc6 7. 0-0 Nb6 8. d3 Be7 9. Be3 f6 10. Rc1 0-0 11. Ne4 Nd4 12. Bxd4 exd4 13. a3 a5 14. Qc2 Rc8 15. Nc5 Bd5 16. Nxd4 Bxg2 17. Nde6 Qd5 18. e4 Qc6 19. Kxg2 Rfe8 20. Qb3 Bxc5 21. Nd8+ 1-0

[Event "GRE-ch U14"]
[Site "Kallithea"]
[Date "2010.06.29"]
[Round "6"]
[White "Litsas, Panagiotis"]
[Black "Koutoukidis, Panagiotis"]
[Result "1/2-1/2"]
[WhiteElo "1627"]
[BlackElo "1913"]
[PlyCount "35"]
[EventDate "2010.06.26"]
[EventType "swiss"]
[EventRounds "9"]
[EventCountry "GRE"]
[SourceTitle "EXT 2011"]
[Source "ChessBase"]
[SourceDate "2010.11.26"]
[SourceVersion "1"]
[SourceVersionDate "2010.11.26"]
[SourceQuality "1"]

1. e4 c5 2. Nc3 Nc6 3. g3 g6 4. Bg2 Bg7 5. Nge2 d6 6. 0-0 e5 7. d3 Nge7 8. Be3 Be6 9. Qd2 0-0 10. Bh6 f5 11. Bxg7 Kxg7 12. f4 Qd7 13. Rae1 d5 14. exd5 Nxd5 15. fxe5 Nc7 16. Bxc6 Qxc6 17. Nf4 Rfe8 18. Qe3 1/2-1/2

[Event "GRE-ch U14"]
[Site "Kallithea"]
[Date "2009.06.26"]
[Round "3"]
[White "Zervas, Ilias"]
[Black "Litsas, Panagiotis"]
[Result "1/2-1/2"]
[WhiteElo "1857"]
[BlackElo "1606"]
[PlyCount "61"]
[EventDate "2009.06.25"]
[EventType "swiss"]
[EventRounds "9"]
[EventCountry "GRE"]
[SourceTitle "EXT 2011"]
[Source "ChessBase"]
[SourceDate "2010.11.26"]
[SourceVersion "1"]
[SourceVersionDate "2010.11.26"]
[SourceQuality "1"]

1. Nf3 Nf6 2. d4 g6 3. g3 Bg7 4. Bg2 0-0 5. 0-0 d6 6. c4 Nbd7 7. Nc3 e5 8. dxe5 dxe5 9. Qc2 c6 10. b3 Nh5 11. Ba3 Re8 12. Rac1 f5 13. Rfd1 Qf6 14. b4 Nb6 15. Na4 Be6 16. Nd2 Nxa4 17. Qxa4 e4 18. b5 cxb5 19. Qxb5 Qf7 20. Rb1 b6 21. Bb2 Bh6 22. e3 Rac8 23. Bf1 Rc5 24. Qa4 Ra5 25. Qb3 Bf8 26. a4 Rc8 27. Bc3 Rac5 28. Bd4 R5c6 29. Rdc1 Nf6 30. Qc3 Nd7 31. a5 1/2-1/2

[Event "GRE-ch U12"]
[Site "Kallithea"]
[Date "2008.07.01"]
[Round "5"]
[White "Litsas, Panagiotis"]
[Black "Liodakis, Konstantinos Spyros"]
[Result "0-1"]
[WhiteElo "1584"]
[BlackElo "1944"]
[PlyCount "114"]
[EventDate "2008.06.28"]
[EventType "swiss"]
[EventRounds "9"]
[EventCountry "GRE"]
[SourceTitle "EXT 2010"]
[Source "ChessBase"]
[SourceDate "2010.11.25"]
[SourceVersion "1"]
[SourceVersionDate "2010.11.25"]
[SourceQuality "1"]

1. e4 e6 2. d4 d5 3. Nc3 Nf6 4. Bg5 Bb4 5. e5 h6 6. Bd2 Bxc3 7. bxc3 Ne4 8. Qg4 g6 9. Bd3 Nxd2 10. Kxd2 Qe7 11. h4 c5 12. Nf3 c4 13. Be2 Bd7 14. a4 a5 15. Rhb1 Bc6 16. Kd1 Nd7 17. Qf4 Ra6 18. Ra2 Nb6 19. Rba1 Kd7 20. Qc1 Kc7 21. Qa3 Qd7 22. Qc5 Kb8 23. Kd2 Ka8 24. Qd6 Qxd6 25. exd6 f6 26. Nh2 h5 27. g4 Nc8 28. gxh5 gxh5 29. Rg1 Nxd6 30. Rg6 Ne4+ 31. Ke3 Nxc3 32. Ra3 Nxe2 33. Kxe2 Rf8 34. Rh6 Be8 35. Nf1 Rb6 36. Ng3 Rb4 37. Nxh5 Rxa4 38. Rxa4 Bxa4 39. c3 Bc2 40. Kd2 Bf5 41. Rxf6 Rh8 42. Ng7 Rxh4 43. Nxe6 Bxe6 44. Rxe6 Rh5 45. Kc2 Rf5 46. Kb2 Rxf2+ 47. Ka3 Ka7 48. Re5 Rc2 49. Rxd5 b6 50. Rd7+ Ka6 51. d5 Rxc3+ 52. Ka2 Kb5 53. Rd8 Rd3 54. d6 Kb4 55. d7 b5 56. Kb2 Rd2+ 57. Kc1 c3 0-1

[Event "Petroupoli op 2nd"]
[Site "Petroupoli"]
[Date "2007.05.30"]
[Round "6"]
[White "Litsas, Panagiotis"]
[Black "Drosos, Nikolaos"]
[Result "1/2-1/2"]
[WhiteElo "1080"]
[BlackElo "1000"]
[PlyCount "62"]
[EventDate "2007.05.12"]
[EventType "swiss"]
[EventRounds "7"]
[EventCountry "GRE"]
[SourceTitle "EXT 2008"]
[Source "ChessBase"]
[SourceDate "2007.11.25"]
[SourceVersion "1"]
[SourceVersionDate "2007.11.25"]
[SourceQuality "1"]

1. e4 c5 2. Nc3 d6 3. g3 Nc6 4. Bg2 Nf6 5. Nge2 g6 6. 0-0 Bg7 7. h3 0-0 8. d3 Nd4 9. Be3 e5 10. Qd2 Be6 11. b3 Qd7 12. Kh2 Bxh3 13. Bxh3 Nf3+ 14. Kg2 Nxd2 15. Bxd7 Nxf1 16. Rxf1 Nxd7 17. Nb5 f5 18. exf5 gxf5 19. Nxd6 b6 20. f4 exf4 21. Bxf4 Ne5 22. Bxe5 Bxe5 23. Nxf5 Rae8 24. Nh6+ Kg7 25. Nf5+ Kh8 26. g4 Bg7 27. Neg3 h6 28. Nh5 Bd4 29. Rh1 Kh7 30. Nf4 Bg7 31. Kf3 Re5 1/2-1/2